| 000 -LEADER |
| fixed length control field |
00960cam a2200265 a 4500 |
| 020 ## - INTERNATIONAL STANDARD BOOK NUMBER |
| ISBN |
9780821357781 |
| 020 ## - INTERNATIONAL STANDARD BOOK NUMBER |
| ISBN |
0821357786 |
| 020 ## - INTERNATIONAL STANDARD BOOK NUMBER |
| ISBN |
9780821357798 |
| 020 ## - INTERNATIONAL STANDARD BOOK NUMBER |
| ISBN |
0821357794 |
| 040 ## - CATALOGING SOURCE |
| Transcribing agency |
DLC |
| 082 00 - DEWEY DECIMAL CLASSIFICATION NUMBER |
| Classification number |
339 WOR 2008 A073 Or. |
| 245 04 - TITLE STATEMENT |
| Title |
The impact of macroeconomic policies on poverty and income distribution : |
| Remainder of title |
macro-micro evaluation techniques and tools / |
| 260 ## - PUBLICATION, DISTRIBUTION, ETC. (IMPRINT) |
| Place of publication |
Houndmills, Basingstoke, Hampshire ; |
| -- |
New York : |
| Name of publisher |
Palgrave Macmillan ; |
| Place of publication |
Washington, DC : |
| Name of publisher |
World Bank, |
| Year of publication |
c2008. |
| 300 ## - PHYSICAL DESCRIPTION |
| Number of Pages |
xviii, 338 p. : |
| Other physical details |
ill. ; |
| Dimensions |
24 cm. |
| 650 #0 - SUBJECT ADDED ENTRY--TOPICAL TERM |
| Topical Term |
Economic assistance |
| 650 #0 - SUBJECT ADDED ENTRY--TOPICAL TERM |
| Topical Term |
Poverty. |
| 650 #0 - SUBJECT ADDED ENTRY--TOPICAL TERM |
| Topical Term |
Income distribution. |
| 650 #0 - SUBJECT ADDED ENTRY--TOPICAL TERM |
| Topical Term |
Economic assistance |
| 700 1# - ADDED ENTRY--PERSONAL NAME |
| Personal name |
Bourguignon, François. |
| 700 1# - ADDED ENTRY--PERSONAL NAME |
| Personal name |
Bussolo, Maurizio, |
| 700 1# - ADDED ENTRY--PERSONAL NAME |
| Personal name |
Silva, Luiz A. Pereira da. |
| 856 41 - ELECTRONIC LOCATION AND ACCESS |
| Uniform Resource Identifier |
http://www.loc.gov/catdir/toc/ecip081/2007040478.html |
| 856 42 - ELECTRONIC LOCATION AND ACCESS |
| Uniform Resource Identifier |
https://www.loc.gov/catdir/enhancements/fy1609/2007040478-d.html |
| 942 ## - ADDED ENTRY ELEMENTS (KOHA) |
| Koha item type |
សៀវភៅភាសាអង់គ្លេស |
| 952 ## - LOCATION AND ITEM INFORMATION (KOHA) |
| Withdrawn status [LOCAL, KOHA] |
0 |